Normal view
MARC view
Entry Personal Name
001 - CONTROL NUMBER
- control field: 895624
003 - CONTROL NUMBER IDENTIFIER
- control field: OSt
005 - DATE AND TIME OF LATEST TRANSACTION
- control field: 20260115174043.0
008 - FIXED-LENGTH DATA ELEMENTS
- fixed length control field: 260115|| aca||aabn | a|a d
040 ## - CATALOGING SOURCE
- Original cataloging agency: OSt
- Transcribing agency: OSt
100 ## - HEADING--PERSONAL NAME
- Personal name: Elmore
670 ## - SOURCE DATA FOUND
- Source citation: Work cat.: (OSt)1489515: Elmore, The British Mariner's Directory and Guide to the Trade and Navigation of the Indian and China Seas
